| 000 | 01073nam a2200277 a 4500 | ||
|---|---|---|---|
| 001 | 000024886 | ||
| 003 | DO-SdBNP | ||
| 005 | 20251022101015.0 | ||
| 008 | 100712s1967 sp 000 | spa d | ||
| 040 |
_aDO-SdBNP _bspa _cBNPHU |
||
| 082 | 4 |
_a330 _bH323h |
|
| 100 | 1 |
_aHarrod, Roy F. _951076 |
|
| 240 | 1 | 0 |
_aToward a dynamic economics. _lEspañol |
| 245 | 1 | 0 |
_aHacia una economía dinámica : _balgunos desarrollos recientes de la teoría económica y su aplicación a la política económica / _cRoy F.Harrod ; traducción José Montes Fernandez. |
| 260 |
_aMadrid, (España) : _bEditorial Tecnos, _c1967. |
||
| 300 |
_a243 p. ; _c23 cm. |
||
| 490 | 1 |
_aBiblioteca Tecnos de Ciencias Económicas _v5 |
|
| 500 | _aIncluye notas al pie de páginas | ||
| 534 |
_aTítulo original : _tToward a dynamic economics. |
||
| 650 | 0 |
_aEconomia _985383 |
|
| 650 | 4 |
_aPolítica económica _984931 |
|
| 650 | 0 |
_aFinanzas públicas _932168 |
|
| 700 | 1 |
_aMontes Fernandez, José _etr. _951077 |
|
| 830 | 0 |
_aBiblioteca Tecnos de Ciencias Económicas ; _v5 _950591 |
|
| 942 |
_2ddc _cLBS1 |
||
| 999 |
_c24379 _d24379 |
||